000
00365nam a2200145Ia 4500
008
231129s1985||||xx |||||||||||||| ||spa||
020
_a
84-7634-066-4
040
_b
spa
082
_a
I823 M449fi
100
_a
Maugham W. Somerset
245
0
_a
El filo de la navaja
260
_c
1985
264
_a
Orbis
942
_2
ddc
_c
BKS
999
_c
11087
_d
11087